Word Ladder: Nursery Rhymes Quiz Stats

 Plays Quiz Updated May 15, 2012

Support Sporcle.
Go Orange.
Score 0/40 Timer 05:00
1 Play Today
Clue Answer % Correct
★She had a little lamb or may have been contrary★MARY
98.8%
★Hickory Dickory ____DOCK
97%
★The cow jumped over this★MOON
93.3%
Sporty individualJOCK
92.6%
★This Sprat could eat no fat★JACK
91.7%
Kids are often afraid of thisDARK
91.4%
★____ Around The Rosy★RING
91%
Prepare foodCOOK
90.9%
★Humpty Dumpty fell off this★WALL
90.5%
Place for ice skatingRINK
90%
Blink with one eyeWINK
89.9%
★Baa baa black sheep, have you any ____?★WOOL
89.6%
Geek or nerdDORK
89.5%
BlemishMARK
89.2%
ObserveLOOK
89.1%
★Old ____ Cole★KING
88.3%
★She went up the hill with [Rung 7]★JILL
85.8%
Supersized 1930's gorillaKONG
85.8%
A crazy sounding birdLOON
84.8%
★____ A Song Of Sixpence★SING
83.7%
Clue Answer % Correct
Vertically well-endowedTALL
83.3%
Alcoholic beverageWINE
83.2%
Cash registerTILL
80.8%
DeterminationWILL
79.2%
Microwave's soundDING
79.2%
Animal from [Rung 14] probably does thisMOOS
78.9%
Containers for garbageBINS
78.4%
Religious transgressionsSINS
78%
Instrument or deviceTOOL
77.7%
★[Rung 27] ____ Bell★DONG
76%
Cunning or guileWILE
74.4%
★Who Killed ____ Robin★COCK
71.6%
'____ The Knife', songMACK
71.3%
Australian marsupialsROOS
69.3%
Courts or romancesWOOS
69.3%
TauntMOCK
69.3%
Got hold ofTOOK
68%
Jeers with contemptBOOS
64.5%
Black bird unlike those baked in a pieROOK
60.9%
A PC's basic input output systemBIOS
59.2%

Today's Daily Dose

Missing Word
'80s Musicals

Word Ladder
Hereditary

Get the Picture
Food Names

From the Vault

The Mandalorian Characters

by Nietos

We all know which character you're looking for when you watch.
Remove Ads.
Support Sporcle.
Get the best of Sporcle when you Go Orange. This ad-free experience offers more features, more stats, and more fun while also helping to support Sporcle. Thank you for becoming a member.

Show Comments

Extras

Top Quizzes Today


Score Distribution

Your Account Isn't Verified!

In order to create a playlist on Sporcle, you need to verify the email address you used during registration. Go to your Sporcle Settings to finish the process.

Report this User

Report this user for behavior that violates our Community Guidelines.

Details: